000 01562cam a22004214i 4500
003 PE-LiUPU
005 20250731173251.0
008 150625s r 000 0 d
035 _a(Sirsi) a35565
040 _aPE-LiUPU
_bspa
_cPE-LiUPU
_erda
082 0 4 _a236.26063
_bA31
_221
100 1 _aAguirre, Rafael (Aguirre Monasterio),
_eautor.
245 1 0 _aReino parusía y decepción /
_cRafael Aguirre Monasterio.
264 1 _aMadrid :
_bFundacion Santa Maria,
_c1984.
300 _a66 páginas ;
_c19 cm.
336 _atext
_2rdacontent
337 _aunmediated
_2rdamedia
338 _avolume
_2rdacarrier
505 0 _aJesus anuncia el reino de Dios. -La parusia del señor como transformacion pospascual de la predicacion de Jesus del reino de Dios. -La parusia del hijo del hombre. -Decepcion por el retraso de la parusia. -La parusia y la iglesia de hoy.
526 _aSEG42
526 _aSEG41
526 _aSEG40
526 _aSEG39
526 _aP94
526 _aP87
526 _aP86
526 _aP85
526 _aP77
526 _aP76
526 _aP35
650 0 4 _aEscatología.
_95923
910 _a
942 _2ddc
_cBOOK
949 _a236.26063 A31
_wDEWEY
_c1
_i38694
_lCCODEBUL1
_mBUL
_p00.00
_r0
_sY
_tBOOK
_u2015-06-25
_xBIBLIOTECA
_zUNKNOWN
_0COMPRA
_o.STAFF. Colección General
596 _a1
999 _a236.26063 A31
_wDEWEY
_c43543
_i38694
_f2021-11-11
_g5
_lCCODEBUL1
_mBUL
_r0
_sY
_tBOOK
_u2015-6-25
_xTEOLOGIA
_zUNKNOWN
_0COMPRA
_o.STAFF. Colección General
_d43543
980 _81
_gALBERTO SANCHEZ Responsable de Automatización